00373nam a2200133 a 45000010010000000030011000100080041000210350026000620820012000881000021001002450053001212600041001746500024002150000-9714ELIB.Books110520 1994  a(ELIB.Books)0000-9866 aR bAll aAllen, Leslie C. aWord Biblical Commentary Ezekiel 1-19 (vol - 28) bDallas: Word Books, Publisher c1994 aBiblical Commentary